anime main characters - Statistics

General Stats
  • This quiz has been taken 153 times
  • The average score is 7 of 10
Answer Stats
hint Answer % Correct
naruto shippuden naruto
99%
pokemon ash
96%
dragon ball z goku
96%
one piece luffy
93%
fairy tail natsu
82%
yu gi oh yugi
66%
noragami yato
63%
doraemon doraemon
41%
masamune makabe no revenge masamune
36%
chunibyo demo koi ga shitai rikka
21%
No matching quizzes found
Score Distribution
Percent of People with Each Score
Percentile by Number Answered
Your Score History
You have not taken this quiz